[Event "2. Magistral Ricardo Lettieri"]
[Site "Pinamar ARG"]
[Date "2005.03.13"]
[Round "6.2"]
[White "Bronstein, Luis"]
[Black "Rubinetti, Jorge"]
[Result "1/2-1/2"]
[WhiteElo "2357"]
[BlackElo "2393"]
[PlyCount "26"]
[EventDate "2005.03.08"]
[EventType "tourn"]
[EventRounds "11"]
[EventCountry "ARG"]
[Source "lmi"]
[SourceDate "2005.03.18"]

1. d4 Nf6 2. Nf3 g6 3. g3 Bg7 4. Bg2 O-O 5. O-O d5 6. c4 c6 7. cxd5 cxd5 8. Nc3
Ne4 9. Nxe4 dxe4 10. Ne5 Nd7 11. Nxd7 Qxd7 12. Bxe4 Qxd4 13. Qxd4 Bxd4 1/2-1/2

[Event "2. Magistral Ricardo Lettieri"]
[Site "Pinamar ARG"]
[Date "2005.03.13"]
[Round "6.3"]
[White "Di Berardino, Diego Rafael"]
[Black "Vera Insfran, Jorge"]
[Result "1/2-1/2"]
[WhiteElo "2358"]
[BlackElo "2247"]
[PlyCount "104"]
[EventDate "2005.03.08"]
[EventType "tourn"]
[EventRounds "11"]
[EventCountry "ARG"]
[Source "lmi"]
[SourceDate "2005.03.18"]

1. e4 c5 2. Nf3 d6 3. d4 cxd4 4. Nxd4 Nf6 5. Nc3 g6 6. Be3 Bg7 7. f3 Nc6 8. Qd2
O-O 9. O-O-O d5 10. exd5 Nxd5 11. Nxc6 bxc6 12. Bd4 e5 13. Bc5 Be6 14. Ne4 Re8
15. h4 Nf4 16. Qe1 Qc7 17. g3 Nh5 18. g4 Nf6 19. Bd6 Qb6 20. Bc5 Qc7 21. g5 Nh5
22. Rh2 Red8 23. Rhd2 Rxd2 24. Qxd2 Bf8 25. Bxf8 Rxf8 26. Nf6+ Kg7 27. Nxh5+
gxh5 28. Bd3 Rd8 29. Qe1 Rd4 30. Be4 c5 31. a3 Qd6 32. c3 Rxd1+ 33. Qxd1 Qe7
34. Bc2 c4 35. Qe2 Qc5 36. Kb1 Qg1+ 37. Ka2 f6 38. gxf6+ Kxf6 39. Qd2 Qg7 40.
Qd8+ Qe7 41. Qxe7+ Kxe7 42. Bxh7 Bd5 43. Be4 Bxe4 44. fxe4 a5 45. b3 Kd6 46.
Kb2 Kc5 47. a4 cxb3 48. Kxb3 Kb6 49. Kc4 Kc6 50. Kd3 Kc5 51. Kd2 Kc4 52. Kc2
Kc5 1/2-1/2

[Event "2. Magistral Ricardo Lettieri"]
[Site "Pinamar ARG"]
[Date "2005.03.13"]
[Round "6.4"]
[White "Duarte, Leonardo"]
[Black "Roca, Alfredo"]
[Result "1/2-1/2"]
[WhiteElo "2252"]
[BlackElo "2366"]
[PlyCount "35"]
[EventDate "2005.03.08"]
[EventType "tourn"]
[EventRounds "11"]
[EventCountry "ARG"]
[Source "lmi"]
[SourceDate "2005.03.18"]

1. e4 e6 2. d4 d5 3. Nd2 Nf6 4. e5 Nfd7 5. Bd3 c5 6. c3 Nc6 7. Ngf3 g6 8. O-O
Bg7 9. Re1 cxd4 10. cxd4 Qb6 11. Nb3 a5 12. Be3 O-O 13. Qd2 a4 14. Nc5 Nxc5 15.
dxc5 Qb4 16. h3 Qxd2 17. Bxd2 f6 18. exf6 1/2-1/2

[Event "2. Magistral Ricardo Lettieri"]
[Site "Pinamar ARG"]
[Date "2005.03.13"]
[Round "6.6"]
[White "Rodi, Luis"]
[Black "Mahia, Gustavo"]
[Result "0-1"]
[WhiteElo "2258"]
[BlackElo "2364"]
[PlyCount "142"]
[EventDate "2005.03.08"]
[EventType "tourn"]
[EventRounds "11"]
[EventCountry "ARG"]
[Source "lmi"]
[SourceDate "2005.03.18"]

1. d4 e6 2. Nf3 Nf6 3. Bg5 b6 4. e4 h6 5. Bxf6 Qxf6 6. Bd3 Bb7 7. Nbd2 d6 8. e5
Qe7 9. Qe2 a6 10. O-O Nd7 11. exd6 cxd6 12. Be4 Bxe4 13. Qxe4 d5 14. Qd3 Qd6
15. Rfe1 Be7 16. Ne5 Nxe5 17. dxe5 Qd7 18. c4 Rd8 19. Nf3 dxc4 20. Qxc4 b5 21.
Qe2 O-O 22. Red1 Qb7 23. h3 Rd5 24. Rxd5 Qxd5 25. a4 Rd8 26. axb5 axb5 27. Rc1
g6 28. Qe3 Kg7 29. Rc7 Rd7 30. Rxd7 Qxd7 31. Qd4 Qc6 32. Qc3 Qd5 33. Qd4 Qc6
34. Qc3 Bc5 35. Kf1 Qd5 36. Qc2 Bb6 37. Qe2 Bc7 38. Kg1 b4 39. Kf1 b3 40. g3
Bb6 41. Kg2 Qc6 42. Qd3 Qc2 43. Qd2 Bc7 44. Qd4 Qe2 45. Qd2 Qe4 46. Qd4 Qc2 47.
Qd2 Bxe5 48. Qe3 Bxb2 49. Nd2 Bc3 50. Ne4 Ba1 51. Nc5 b2 52. Nxe6+ fxe6 53.
Qd4+ Kf7 54. Qd7+ Kf6 55. Qd8+ Ke5 56. Qb8+ Kd4 57. Qd6+ Kc3 58. Qc5+ Kd2 59.
Qe3+ Kd1 60. Qf3+ Qe2 61. Qb3+ Ke1 62. Qb4+ Kd1 63. Qb3+ Kc1 64. Qc3+ Kb1 65.
Qb3 Qe4+ 66. Kh2 Qd4 67. Kg1 Kc1 68. Qa3 e5 69. Kf1 e4 70. Kg2 Qd3 71. Qc5+ Kd1
0-1

[Event "2. Magistral Ricardo Lettieri"]
[Site "Pinamar ARG"]
[Date "2005.03.14"]
[Round "7.1"]
[White "Mahia, Gustavo"]
[Black "Needleman, Alejandro"]
[Result "1-0"]
[WhiteElo "2364"]
[BlackElo "2400"]
[PlyCount "91"]
[EventDate "2005.03.08"]
[EventType "tourn"]
[EventRounds "11"]
[EventCountry "ARG"]
[Source "lmi"]
[SourceDate "2005.03.18"]

1. d4 Nf6 2. c4 c5 3. d5 b5 4. cxb5 a6 5. bxa6 g6 6. Nc3 Bxa6 7. Nf3 Bg7 8. g3
d6 9. Bg2 Nbd7 10. O-O Nb6 11. Rb1 Bc4 12. Nh4 Bxa2 13. Nxa2 Rxa2 14. Qb3 Ra7
15. Qb5+ Nfd7 16. b4 Na4 17. Bd2 O-O 18. Rfc1 Qa8 19. Qc6 Ne5 20. Qxa8 Rfxa8
21. Nf3 Nxf3+ 22. Bxf3 Bd4 23. Kg2 f5 24. h4 Rc8 25. bxc5 Rxc5 26. Rb8+ Kg7 27.
h5 gxh5 28. Rh1 Rc2 29. Bf4 Rac7 30. Rxh5 Rc8 31. Rxc8 Rxc8 32. Rxf5 Bf6 33.
Rh5 Rc4 34. Bg4 Nc3 35. e3 Kg6 36. Bd7 Rc5 37. Be8+ Kg7 38. Bh6+ Kg8 39. Bd7
Kf7 40. Be6+ Ke8 41. Kf3 Ra5 42. Bf4 Rb5 43. g4 Kf8 44. Rf5 Ke8 45. g5 Bg7 46.
Rf7 1-0

[Event "2. Magistral Ricardo Lettieri"]
[Site "Pinamar ARG"]
[Date "2005.03.14"]
[Round "7.3"]
[White "Roca, Alfredo"]
[Black "Peralta, Eduardo"]
[Result "1-0"]
[WhiteElo "2366"]
[BlackElo "2252"]
[PlyCount "73"]
[EventDate "2005.03.08"]
[EventType "tourn"]
[EventRounds "11"]
[EventCountry "ARG"]
[Source "lmi"]
[SourceDate "2005.03.18"]

1. c4 g6 2. Nc3 Bg7 3. g3 d6 4. Bg2 f5 5. d3 Nf6 6. e4 Nc6 7. Nge2 O-O 8. O-O
e5 9. h3 f4 10. gxf4 Nh5 11. f5 gxf5 12. Ng3 Nf4 13. Bxf4 exf4 14. Nxf5 Bxf5
15. exf5 Rxf5 16. Be4 Rg5+ 17. Kh2 Be5 18. Rg1 Kh8 19. Rxg5 Qxg5 20. Qg4 f3+
21. Kh1 Qh6 22. Rg1 Rf8 23. Nd5 Bxb2 24. Nxc7 Ne5 25. Qe6 Qxe6 26. Nxe6 Rf6 27.
Rb1 Bc3 28. Nc7 Rh6 29. Rxb7 Rxh3+ 30. Kg1 d5 31. Ne6 Kg8 32. Rb8+ Kf7 33. Ng5+
Kf6 34. Nxh3 dxe4 35. dxe4 Bd4 36. Nf4 Bb6 37. Nd5+ 1-0

[Event "2. Magistral Ricardo Lettieri"]
[Site "Pinamar ARG"]
[Date "2005.03.14"]
[Round "7.4"]
[White "Vera Insfran, Jorge"]
[Black "Duarte, Leonardo"]
[Result "1/2-1/2"]
[WhiteElo "2247"]
[BlackElo "2252"]
[PlyCount "20"]
[EventDate "2005.03.08"]
[EventType "tourn"]
[EventRounds "11"]
[EventCountry "ARG"]
[Source "lmi"]
[SourceDate "2005.03.18"]

1. d4 c5 2. c3 Nf6 3. Nf3 g6 4. Bg5 Bg7 5. e3 Qb6 6. Qb3 d5 7. Nbd2 Nc6 8. Be2
O-O 9. O-O Qxb3 10. axb3 Nd7 1/2-1/2

[Event "2. Magistral Ricardo Lettieri"]
[Site "Pinamar ARG"]
[Date "2005.03.14"]
[Round "7.5"]
[White "Rubinetti, Jorge"]
[Black "Di Berardino, Diego Rafael"]
[Result "1-0"]
[WhiteElo "2393"]
[BlackElo "2358"]
[PlyCount "133"]
[EventDate "2005.03.08"]
[EventType "tourn"]
[EventRounds "11"]
[EventCountry "ARG"]
[Source "lmi"]
[SourceDate "2005.03.18"]

1. e4 c5 2. Nc3 Nc6 3. g3 g6 4. Bg2 Bg7 5. d3 d6 6. Be3 e5 7. Nge2 Nge7 8. O-O
O-O 9. Qd2 Be6 10. f4 Nd4 11. Rf2 Qd7 12. Raf1 f5 13. fxe5 dxe5 14. Nc1 Rf7 15.
Nd1 Rc8 16. c3 Nb5 17. Bh6 Bh8 18. Ne3 Nd6 19. Nd5 Bxd5 20. exd5 Re8 21. Ne2
Ndc8 22. c4 Nd6 23. Kh1 b6 24. b3 a5 25. Ng1 Nec8 26. Re2 Bg7 27. Bxg7 Rxg7 28.
Nf3 Rge7 29. Ng5 Nf7 30. Ne6 Ncd6 31. Qc3 Nb7 32. g4 fxg4 33. Rf6 Nbd8 34. Ref2
Qc8 35. Be4 Nxe6 36. dxe6 Ng5 37. Bd5 Nf3 38. R2xf3 gxf3 39. Qxe5 Qc7 40. Qb2
f2 41. Kg2 Rd8 42. Rxf2 Qd6 43. Rf6 b5 44. h4 Rb8 45. Rf7 Rxf7 46. exf7+ Kf8
47. Qh8+ Ke7 48. Qxh7 Rf8 49. Qh6 bxc4 50. Qe3+ Kf6 51. dxc4 Kg7 52. Kh3 Qf6
53. Qg5 Qf1+ 54. Kg3 Qg1+ 55. Kf4 Qd4+ 56. Kg3 Qg1+ 57. Kf3 Qf1+ 58. Ke4 Qe2+
59. Kf4 Rh8 60. Qe5+ Qxe5+ 61. Kxe5 Rxh4 62. Kd6 Rh2 63. Kxc5 Rxa2 64. Kd6 Rf2
65. c5 Rf6+ 66. Ke7 Rf5 67. c6 1-0

[Event "2. Magistral Ricardo Lettieri"]
[Site "Pinamar ARG"]
[Date "2005.03.14"]
[Round "7.6"]
[White "Molina, Jorge"]
[Black "Bronstein, Luis"]
[Result "0-1"]
[WhiteElo "2234"]
[BlackElo "2357"]
[PlyCount "104"]
[EventDate "2005.03.08"]
[EventType "tourn"]
[EventRounds "11"]
[EventCountry "ARG"]
[Source "lmi"]
[SourceDate "2005.03.18"]

1. d4 Nf6 2. c4 e6 3. Nc3 d5 4. cxd5 exd5 5. Bg5 c6 6. e3 Bf5 7. Qf3 Qd7 8.
Bxf6 gxf6 9. Qd1 Na6 10. a3 Rg8 11. Nge2 Bd6 12. Ng3 Bg6 13. Bd3 Nc7 14. Qc2
O-O-O 15. Nf5 Kb8 16. g3 Nb5 17. Nxb5 cxb5 18. Nxd6 Qxd6 19. Qb3 a6 20. Rc1 Rc8
21. O-O Rc4 22. Bxc4 bxc4 23. Qb4 Qe6 24. b3 Bd3 25. bxc4 dxc4 26. Rfe1 f5 27.
a4 Rc8 28. Red1 Be4 29. d5 Bxd5 30. Rd4 Qc6 31. Rc3 Ka7 32. f3 Be6 33. Kf2 Qc5
34. Qb2 b5 35. axb5 axb5 36. Rd1 b4 37. Ra1+ Kb7 38. Rca3 c3 39. Ra7+ Qxa7 40.
Rxa7+ Kxa7 41. Qxb4 c2 42. Qa3+ Kb6 43. Qb2+ Ka5 44. Qa3+ Kb5 45. Qb2+ Ka4 46.
Qc1 Kb3 47. e4 fxe4 48. fxe4 Rc3 49. Ke2 Bc4+ 50. Kf2 Rd3 51. Qf4 Kb2 52. Qb8+
Rb3 0-1

[Event "2. Magistral Ricardo Lettieri"]
[Site "Pinamar ARG"]
[Date "2005.03.15"]
[Round "8.1"]
[White "Needleman, Alejandro"]
[Black "Bronstein, Luis"]
[Result "1-0"]
[WhiteElo "2400"]
[BlackElo "2357"]
[PlyCount "75"]
[EventDate "2005.03.08"]
[EventType "tourn"]
[EventRounds "11"]
[EventCountry "ARG"]
[Source "lmi"]
[SourceDate "2005.03.18"]

1. e4 e5 2. Nf3 Nc6 3. Bb5 a6 4. Ba4 Nf6 5. O-O Nxe4 6. d4 b5 7. Bb3 d5 8. dxe5
Be6 9. Re1 Bc5 10. Be3 Ne7 11. Bxc5 Nxc5 12. Nd4 Qd7 13. Nc3 Nb7 14. Nxe6 fxe6
15. Qg4 c5 16. Qxg7 O-O-O 17. Red1 c4 18. a4 b4 19. Bxc4 bxc3 20. Bxa6 Nf5 21.
Qg4 cxb2 22. Rab1 Qc6 23. Bd3 Rhg8 24. Qh3 d4 25. Bxf5 exf5 26. Qxf5+ Kb8 27.
g3 Rgf8 28. Qd3 Rf3 29. Qe2 Rdf8 30. Rf1 Qc3 31. e6 Re8 32. a5 Ka7 33. Qb5 Rxe6
34. Rxb2 Qc6 35. Qb4 Rd6 36. Rfb1 Rf7 37. Qb3 Rdf6 38. a6 1-0

[Event "2. Magistral Ricardo Lettieri"]
[Site "Pinamar ARG"]
[Date "2005.03.15"]
[Round "8.2"]
[White "Di Berardino, Diego Rafael"]
[Black "Molina, Jorge"]
[Result "1-0"]
[WhiteElo "2358"]
[BlackElo "2234"]
[PlyCount "123"]
[EventDate "2005.03.08"]
[EventType "tourn"]
[EventRounds "11"]
[EventCountry "ARG"]
[Source "lmi"]
[SourceDate "2005.03.18"]

1. e4 c6 2. d4 d5 3. exd5 cxd5 4. c4 Nf6 5. Nc3 g6 6. Qb3 Bg7 7. cxd5 O-O 8.
Be2 Na6 9. Bf3 Qb6 10. Qxb6 axb6 11. Nge2 Nb4 12. O-O Rd8 13. d6 Rxd6 14. Bf4
Rd7 15. Rfd1 Nbd5 16. Be5 Rd8 17. Nf4 Nxf4 18. Bxf4 Bg4 19. Bxb7 Ra7 20. Bf3
Bxf3 21. gxf3 Nd5 22. Be3 f5 23. f4 Bh6 24. Nxd5 Rxd5 25. a3 Rb5 26. Rd2 Bg7
27. Rc1 Rd7 28. Rc6 Rb3 29. Kf1 Rd5 30. Rc3 Rxc3 31. bxc3 Ra5 32. Ra2 Ra4 33.
Ke2 e6 34. Kd3 b5 35. Rb2 Ra5 36. Rb3 Bf8 37. Bc1 h6 38. Bb2 Bd6 39. Bc1 Kf7
40. c4 bxc4+ 41. Kxc4 Kf6 42. Rb5 Ra6 43. Kb3 g5 44. fxg5+ hxg5 45. h3 Bh2 46.
Bb2 Ke7 47. a4 Bg1 48. f3 Ra8 49. a5 Kd7 50. Bc3 Bh2 51. Kc4 Rh8 52. Rb7+ Kc8
53. a6 Bc7 54. Rb1 Bb8 55. Bb4 Rxh3 56. Bd6 Ba7 57. Rb7 Bxd4 58. Kxd4 Rh4+ 59.
f4 gxf4 60. Rc7+ Kd8 61. a7 f3+ 62. Ke3 1-0

[Event "2. Magistral Ricardo Lettieri"]
[Site "Pinamar ARG"]
[Date "2005.03.15"]
[Round "8.3"]
[White "Duarte, Leonardo"]
[Black "Rubinetti, Jorge"]
[Result "1-0"]
[WhiteElo "2252"]
[BlackElo "2393"]
[PlyCount "73"]
[EventDate "2005.03.08"]
[EventType "tourn"]
[EventRounds "11"]
[EventCountry "ARG"]
[Source "lmi"]
[SourceDate "2005.03.18"]

1. e4 e5 2. Nf3 Nc6 3. d4 exd4 4. Nxd4 Bb4+ 5. c3 Bc5 6. Be3 Bb6 7. g3 Nf6 8.
Bg2 O-O 9. O-O Re8 10. Nd2 d5 11. Nxc6 bxc6 12. Re1 Ng4 13. Bxb6 axb6 14. exd5
Rxe1+ 15. Qxe1 cxd5 16. Bxd5 Ra5 17. c4 Nf6 18. Nb3 Ra7 19. Nd4 Bd7 20. Nc6
Bxc6 21. Bxc6 h5 22. Rd1 Qf8 23. a3 Qc5 24. Bd5 c6 25. b4 Qf8 26. Bxc6 Rxa3 27.
Qe5 Ra7 28. b5 Ra2 29. c5 Ng4 30. Qd6 bxc5 31. b6 Rb2 32. b7 Qxd6 33. Rxd6 Ne5
34. Rd8+ Kh7 35. Be4+ f5 36. Bxf5+ g6 37. Be4 1-0

[Event "2. Magistral Ricardo Lettieri"]
[Site "Pinamar ARG"]
[Date "2005.03.15"]
[Round "8.4"]
[White "Peralta, Eduardo"]
[Black "Vera Insfran, Jorge"]
[Result "0-1"]
[WhiteElo "2252"]
[BlackElo "2247"]
[PlyCount "110"]
[EventDate "2005.03.08"]
[EventType "tourn"]
[EventRounds "11"]
[EventCountry "ARG"]
[Source "lmi"]
[SourceDate "2005.03.18"]

1. c4 e6 2. Nc3 d5 3. d4 Nf6 4. Nf3 c6 5. g3 Nbd7 6. Bg2 Bd6 7. O-O O-O 8. Bf4
Bxf4 9. gxf4 dxc4 10. e3 Nd5 11. Qe2 b5 12. Ne5 Bb7 13. Nxd7 Nxc3 14. bxc3 Qxd7
15. Rad1 Qe7 16. e4 c5 17. Qe3 cxd4 18. Rxd4 e5 19. fxe5 Qxe5 20. f4 Qc5 21. f5
f6 22. Rfd1 Rae8 23. Kf2 Re7 24. Rd8 Qxe3+ 25. Kxe3 Rxd8 26. Rxd8+ Kf7 27. Rh8
Re8 28. Rxh7 Rd8 29. Bf1 Kg8 30. Rh4 Rd1 31. Rf4 Ra1 32. Rf2 Re1+ 33. Be2 Rc1
34. Kd4 Ba6 35. Bf3 b4 36. cxb4 c3 37. Be2 c2 38. Kc3 Re1 39. Kxc2 Rxe2+ 40.
Rxe2 Bxe2 41. a4 Bf3 42. Kd3 Bd1 43. a5 Ba4 44. Kd4 a6 45. Kd5 Kf7 46. h4 Ke7
47. e5 fxe5 48. Kxe5 Kf7 49. f6 gxf6+ 50. Kf4 Bd7 51. h5 Kg7 52. Ke4 Kh6 53. b5
axb5 54. Kd5 Kxh5 55. Kd6 Bh3 0-1

[Event "2. Magistral Ricardo Lettieri"]
[Site "Pinamar ARG"]
[Date "2005.03.16"]
[Round "9.2"]
[White "Roca, Alfredo"]
[Black "Mahia, Gustavo"]
[Result "0-1"]
[WhiteElo "2366"]
[BlackElo "2364"]
[PlyCount "98"]
[EventDate "2005.03.08"]
[EventType "tourn"]
[EventRounds "11"]
[EventCountry "ARG"]
[Source "lmi"]
[SourceDate "2005.03.18"]

1. Nf3 Nf6 2. g3 g6 3. b3 Bg7 4. Bb2 d6 5. d4 c5 6. c4 Ne4 7. Nfd2 Qa5 8. Bg2
Nxd2 9. Bc3 Qb6 10. dxc5 Nxb1 11. Bxg7 Qa5+ 12. Kf1 Nd2+ 13. Kg1 Rg8 14. Bb2
Nxc4 15. bxc4 Qxc5 16. Qc1 Nc6 17. Qh6 Be6 18. Qxh7 Kd7 19. Rc1 Rac8 20. h4 Ne5
21. Bxe5 Qxe5 22. Qh6 Qxe2 23. Bxb7 Rxc4 24. Kg2 Rb8 25. Bf3 Qe5 26. Rhe1 Qc5
27. Rxc4 Bxc4 28. Qd2 a5 29. Rc1 Rc8 30. Kg1 Qf5 31. Qd4 Qxf3 32. Rxc4 Rxc4 33.
Qxc4 Qf5 34. g4 Qb1+ 35. Kg2 Qb4 36. Qe2 a4 37. h5 gxh5 38. gxh5 Qh4 39. Qb5+
Ke6 40. Qe2+ Kf6 41. Qb2+ e5 42. Qb6 Qg4+ 43. Kf1 Qd1+ 44. Kg2 Kg5 45. Qc7 Qd5+
46. Kg3 Kxh5 47. Qc8 e4 48. a3 Qg5+ 49. Kh3 Qh4+ 0-1

[Event "2. Magistral Ricardo Lettieri"]
[Site "Pinamar ARG"]
[Date "2005.03.16"]
[Round "9.3"]
[White "Vera Insfran, Jorge"]
[Black "Rodi, Luis"]
[Result "1-0"]
[WhiteElo "2247"]
[BlackElo "2258"]
[PlyCount "81"]
[EventDate "2005.03.08"]
[EventType "tourn"]
[EventRounds "11"]
[EventCountry "ARG"]
[Source "lmi"]
[SourceDate "2005.03.18"]

1. d4 f5 2. Nc3 d5 3. Bg5 g6 4. Nf3 c6 5. e3 Be6 6. h4 h6 7. Bf4 Nf6 8. Ne5 Rg8
9. Be2 Nbd7 10. Rh3 Nxe5 11. dxe5 Nd7 12. g4 Bg7 13. gxf5 Bxf5 14. Bg4 Bxg4 15.
Qxg4 Bxe5 16. Qe6 Bxc3+ 17. bxc3 Nf6 18. Bxh6 Qd7 19. Qxd7+ Kxd7 20. f3 e5 21.
Ke2 Ke6 22. Rg1 e4 23. f4 Kf7 24. Rhg3 Nd7 25. h5 Nf6 26. hxg6+ Ke6 27. Rg5 Rh8
28. Re5+ Kd6 29. Bg5 Rh2+ 30. Kd1 Nh5 31. g7 Rg8 32. Be7+ Kd7 33. Bf8 Nf6 34.
Re7+ Kd8 35. Rg6 Nh7 36. Rd6+ Kc8 37. Rf7 Rg2 38. Rdd7 Nxf8 39. Rc7+ Kd8 40.
Rxf8+ Kxc7 41. Rxg8 1-0

[Event "2. Magistral Ricardo Lettieri"]
[Site "Pinamar ARG"]
[Date "2005.03.16"]
[Round "9.4"]
[White "Rubinetti, Jorge"]
[Black "Peralta, Eduardo"]
[Result "1-0"]
[WhiteElo "2393"]
[BlackElo "2252"]
[PlyCount "281"]
[EventDate "2005.03.08"]
[EventType "tourn"]
[EventRounds "11"]
[EventCountry "ARG"]
[Source "lmi"]
[SourceDate "2005.03.18"]

1. e4 c5 2. Nc3 Nc6 3. g3 e6 4. Bg2 Nf6 5. Nge2 d5 6. exd5 exd5 7. d3 Be7 8.
Bg5 d4 9. Bxf6 Bxf6 10. Ne4 O-O 11. O-O Be7 12. Nf4 Bf5 13. Re1 Rc8 14. a3 Kh8
15. Qh5 g6 16. Qd1 g5 17. Qh5 Kg7 18. Bh3 Bg6 19. Nxg6 hxg6 20. Qe2 Rc7 21. Bg2
b5 22. Nd2 Bf6 23. Bxc6 Rxc6 24. Qf3 Qd7 25. a4 b4 26. Re4 Rh8 27. b3 Rcc8 28.
Rae1 Qf5 29. Qxf5 gxf5 30. R4e2 g4 31. h4 gxh3 32. f4 Kg6 33. Kh2 Rcg8 34. Nc4
Rc8 35. Nd6 Rc6 36. Nc4 Rc7 37. Re8 Rc8 38. Rxc8 Rxc8 39. Kxh3 Rh8+ 40. Kg2 Rd8
41. Re2 Kg7 42. Kf2 Rh8 43. Kg1 Rd8 44. Kg2 Kf8 45. Kf3 Kg7 46. Rh2 Rd7 47. Rh5
Kg6 48. Rg5+ Bxg5 49. Ne5+ Kg7 50. Nxd7 Be7 51. Ne5 Bd6 52. Nc6 a6 53. Na5 Kf6
54. Nc4 Bc7 55. Nd2 Ke6 56. Ke2 Bd8 57. Nf3 Bf6 58. Kf2 Bd8 59. Kg2 Bf6 60. Kh3
Bd8 61. Ne5 Bc7 62. Nc4 Bd8 63. Nd2 Be7 64. Kg2 Bd8 65. Kf2 Be7 66. Nf3 Bf6 67.
Ng1 Bd8 68. Nf3 Bf6 69. Ne1 Bd8 70. Kf3 Be7 71. Kg2 Bd8 72. Nf3 Be7 73. Ng1 Bd8
74. Ne2 Be7 75. Kh3 Bd8 76. g4 fxg4+ 77. Kxg4 f5+ 78. Kh5 Bc7 79. Kg5 Bd8+ 80.
Kg6 Bc7 81. Kg7 Bd6 82. Kg6 Be7 83. Kh5 Bd6 84. Kh4 Bc7 85. Kg3 Bd6 86. Ng1 Bc7
87. Nh3 Bd6 88. Kh4 Kf6 89. Kh5 Bc7 90. Kh4 Bd6 91. Kg3 Bc7 92. Ng1 Bd6 93. Nf3
Bc7 94. Nd2 Bd6 95. Nc4 Bc7 96. Kf3 Ke6 97. Nb2 Kf6 98. Nd1 Ke6 99. Nf2 Kf6
100. Nh3 Bd6 101. Kg3 Bc7 102. Ng1 Bd6 103. Ne2 Bc7 104. Ng1 Bd6 105. Nf3 Bc7
106. Ng5 Bb8 107. Nh7+ Kg7 108. Ng5 Kf6 109. Kf3 Bc7 110. Nh3 Bd6 111. Nf2 Bc7
112. Nd1 Bd6 113. Nb2 Bc7 114. Nc4 a5 115. Kg3 Ke6 116. Kh4 Bd8+ 117. Kh5 Bc7
118. Kg6 Bxf4 119. Nxa5 Bd6 120. Nc4 Bc7 121. Kg5 Bd8+ 122. Kf4 Bc7+ 123. Kf3
Kd5 124. Nd2 Ke6 125. Nf1 Kf6 126. Nd2 Ke6 127. Kg2 Ke5 128. Nc4+ Kd5 129. Kh3
Kc6 130. Kh4 Bf4 131. Kh5 Be3 132. Kg6 f4 133. Kf5 Bc1 134. Ke4 Kb7 135. Ne5
Kb6 136. Ng6 Kc6 137. Nxf4 Be3 138. Ng6 Bg5 139. Ne5+ Kb6 140. Kd5 Be7 141.
Nd7+ 1-0

[Event "2. Magistral Ricardo Lettieri"]
[Site "Pinamar ARG"]
[Date "2005.03.16"]
[Round "9.5"]
[White "Molina, Jorge"]
[Black "Duarte, Leonardo"]
[Result "0-1"]
[WhiteElo "2234"]
[BlackElo "2252"]
[PlyCount "122"]
[EventDate "2005.03.08"]
[EventType "tourn"]
[EventRounds "11"]
[EventCountry "ARG"]
[Source "lmi"]
[SourceDate "2005.03.18"]

1. Nf3 Nf6 2. c4 c5 3. Nc3 Nc6 4. g3 d5 5. cxd5 Nxd5 6. Bg2 Nc7 7. O-O e5 8. d3
Be7 9. Be3 Rb8 10. Nd2 O-O 11. Bxc6 bxc6 12. Nc4 f6 13. Qa4 Rb4 14. Qa5 Ne6 15.
Qxd8 Rxd8 16. a3 Rb8 17. f4 exf4 18. Bxf4 Nxf4 19. Rxf4 Be6 20. Rb1 f5 21. Na4
Rd4 22. Na5 Bg5 23. Rxd4 cxd4 24. Nc4 Re8 25. h4 Bf6 26. Nd6 Re7 27. Nc5 Bd5
28. Kf2 g6 29. Re1 Be5 30. Nc4 Bc7 31. Nb3 Bxc4 32. dxc4 Bxg3+ 33. Kxg3 Re3+
34. Kf4 Rxb3 35. Ke5 c5 36. Kf6 Rb6+ 37. Ke5 Kf7 38. Kd5 Re6 39. Kxc5 d3 40. e3
Re4 41. Kd5 Rxh4 42. Rd1 Rh2 43. Rxd3 Rxb2 44. Kd6 h5 45. Ke5 Ke7 46. Rd6 Rb6
47. Rd2 Re6+ 48. Kf4 Kf6 49. c5 g5+ 50. Kf3 g4+ 51. Kf2 Ke5 52. Rd8 h4 53. Rh8
h3 54. Rd8 Rc6 55. Re8+ Kf6 56. e4 Rxc5 57. exf5 Kg5 58. f6 Rf5+ 59. Kg3 Rf3+
60. Kh2 Rf2+ 61. Kg1 Rxf6 0-1

[Event "2. Magistral Ricardo Lettieri"]
[Site "Pinamar ARG"]
[Date "2005.03.16"]
[Round "9.6"]
[White "Bronstein, Luis"]
[Black "Di Berardino, Diego Rafael"]
[Result "1-0"]
[WhiteElo "2357"]
[BlackElo "2358"]
[PlyCount "63"]
[EventDate "2005.03.08"]
[EventType "tourn"]
[EventRounds "11"]
[EventCountry "ARG"]
[Source "lmi"]
[SourceDate "2005.03.18"]

1. e4 c5 2. Nf3 e6 3. Nc3 Nc6 4. Bb5 Nge7 5. O-O Ng6 6. Re1 Be7 7. d4 cxd4 8.
Nxd4 O-O 9. Be3 Qc7 10. a4 Bb4 11. Qd2 Nce5 12. Be2 a6 13. Ncb5 Bxd2 14. Nxc7
Bxe3 15. fxe3 Ra7 16. a5 d6 17. b4 Bd7 18. c4 Rc8 19. b5 Rxc7 20. b6 Ra8 21.
bxc7 Rc8 22. Red1 Kf8 23. Nb5 axb5 24. cxb5 Rxc7 25. Rdc1 Rc5 26. a6 bxa6 27.
bxa6 Bc6 28. a7 Rxc1+ 29. Rxc1 Bxe4 30. Ba6 Nd7 31. Rc7 Nc5 32. Bb7 1-0

[Event "2. Magistral Ricardo Lettieri"]
[Site "Pinamar ARG"]
[Date "2005.03.17"]
[Round "10.1"]
[White "Needleman, Alejandro"]
[Black "Di Berardino, Diego Rafael"]
[Result "1-0"]
[WhiteElo "2400"]
[BlackElo "2358"]
[PlyCount "65"]
[EventDate "2005.03.08"]
[EventType "tourn"]
[EventRounds "11"]
[EventCountry "ARG"]
[Source "lmi"]
[SourceDate "2005.03.18"]

1. e4 d5 2. exd5 Nf6 3. d4 Bg4 4. Nf3 Qxd5 5. Be2 Nc6 6. h3 Bxf3 7. Bxf3 Qd7 8.
O-O O-O-O 9. c3 e5 10. Qb3 e4 11. Be2 Bd6 12. Nd2 Rde8 13. Nc4 g5 14. d5 Nd8
15. Bxg5 Rhg8 16. Nxd6+ Qxd6 17. Bxf6 Qxf6 18. Rfe1 Qg6 19. Bf1 f5 20. c4 f4
21. Rad1 Nf7 22. c5 e3 23. fxe3 f3 24. d6 cxd6 25. cxd6 Nxd6 26. Rd2 Ne4 27.
Rc1+ Kb8 28. Rd7 f2+ 29. Kh2 Nd6 30. Rcc7 b6 31. Rxa7 Qg3+ 32. Kh1 Qxe3 33.
Ra8+ 1-0

[Event "2. Magistral Ricardo Lettieri"]
[Site "Pinamar ARG"]
[Date "2005.03.17"]
[Round "10.2"]
[White "Duarte, Leonardo"]
[Black "Bronstein, Luis"]
[Result "1-0"]
[WhiteElo "2252"]
[BlackElo "2357"]
[PlyCount "75"]
[EventDate "2005.03.08"]
[EventType "tourn"]
[EventRounds "11"]
[EventCountry "ARG"]
[Source "lmi"]
[SourceDate "2005.03.18"]

1. e4 c5 2. Nf3 d6 3. d4 cxd4 4. Nxd4 Nf6 5. Nc3 a6 6. Bg5 e6 7. f4 Be7 8. Qf3
Qc7 9. O-O-O Nbd7 10. g4 h6 11. Bxf6 Bxf6 12. h4 Qb6 13. Nde2 g5 14. e5 dxe5
15. fxg5 e4 16. Qxe4 hxg5 17. hxg5 Bxg5+ 18. Kb1 Rxh1 19. Qxh1 Bf6 20. Qh6 Be5
21. Qh5 Qe3 22. Bg2 Ke7 23. Be4 Bf6 24. Qa5 Kf8 25. Qc7 Kg7 26. Rh1 Qc5 27. Qh2
Kf8 28. Bd3 Qe5 29. Qg2 Nc5 30. Rh5 Qe3 31. Qf1 Bg5 32. Rh8+ Ke7 33. Rh7 Bd7
34. Qxf7+ Kd6 35. Ne4+ Nxe4 36. Qxd7+ Ke5 37. Qc7+ Nd6 38. Qg7+ 1-0

[Event "2. Magistral Ricardo Lettieri"]
[Site "Pinamar ARG"]
[Date "2005.03.17"]
[Round "10.4"]
[White "Rodi, Luis"]
[Black "Rubinetti, Jorge"]
[Result "1-0"]
[WhiteElo "2258"]
[BlackElo "2393"]
[PlyCount "133"]
[EventDate "2005.03.08"]
[EventType "tourn"]
[EventRounds "11"]
[EventCountry "ARG"]
[Source "lmi"]
[SourceDate "2005.03.18"]

1. e4 e6 2. b3 c5 3. Bb2 d6 4. Nf3 Nf6 5. e5 dxe5 6. Nxe5 Nbd7 7. Bb5 a6 8.
Bxd7+ Nxd7 9. O-O Nxe5 10. Bxe5 Qd5 11. Qe2 Bd6 12. Bxd6 Qxd6 13. Nc3 O-O 14.
Ne4 Qc6 15. Rae1 b6 16. Qh5 Bb7 17. Qh3 e5 18. Ng3 Rae8 19. Nf5 Bc8 20. g4 g6
21. Ne3 f6 22. f3 b5 23. Qh6 Qd6 24. Re2 Rf7 25. Rg2 Qf8 26. Qxf8+ Kxf8 27. f4
Bb7 28. Rgf2 e4 29. f5 g5 30. h4 gxh4 31. Rh2 Rd8 32. Rff2 Rfd7 33. Kf1 Kg8 34.
Ke1 Rc7 35. Rxh4 c4 36. bxc4 bxc4 37. c3 Bc6 38. Rfh2 Rb7 39. Nxc4 Rdd7 40. Rh6
Rb1+ 41. Kf2 Bb5 42. Ne3 Rxd2+ 43. Kg3 Rxh2 44. Rxh2 Kg7 45. Kf4 Bd3 46. g5
fxg5+ 47. Kxg5 h6+ 48. Kf4 a5 49. Rg2+ Kf7 50. Rg6 Rb2 51. Rxh6 Rxa2 52. Rh7+
Kg8 53. Ra7 Rf2+ 54. Ke5 Rf3 55. Kd4 Kf8 56. Rxa5 Kf7 57. c4 Rh3 58. Ra7+ Kf6
59. Ra6+ Kf7 60. Rb6 Rh8 61. Nd5 Rc8 62. Rb7+ Kf8 63. c5 Rd8 64. c6 Ba6 65. Rd7
Re8 66. f6 Bb5 67. Nf4 1-0